000 00787nam a2200193 i 4500
001 21786
003 ES-MaACL
005 20230906152538.0
007 t|
008 021127s1894 sp ||||1| spa d
100 1 _aAlmagro y Cárdenas, Antonio.
_920082
245 1 0 _aDiscurso leido en la Universidad Literaria de Sevilla en la solemne inauguración del curso académico de 1894 a 1895 /
_cpor el Doctor Antonio Almagro y Cárdenas.
260 _aSevilla :
_bFernando de Santiago,
_c1894.
300 _a41 p. ;
_c30 cm.
500 _aTítulo del discurso: La cultura arábigo-sevillana en sus manifestaciones literaria, científica y artística.
651 4 _aAl-Andalus-
_xCivilización.
_97608
710 0 _aUniversidad Literaria de Sevilla.
_97391
852 _aES-MaACL
_jT-776-F-7
999 _c21786
_d21786